Central Library and Information Centre
Sibsagar Girls' College, Sivasagar : Assam

JANUSHA PAHORI JAU (A Memoir Written) (Record no. 20192)

MARC details
000 -LEADER
fixed length control field 00431cam a2200181ua 4500
008 - FIXED-LENGTH DATA ELEMENTS--GENERAL INFORMATION
fixed length control field 161101n II |||gr||||Z||||||asm
040 ## - CATALOGING SOURCE
Original cataloging agency MAIN
041 ## - LANGUAGE CODE
-- English
082 ## - DEWEY DECIMAL CLASSIFICATION NUMBER
Classification number 891.451 HAZ
100 ## - MAIN ENTRY--PERSONAL NAME
Personal name HAZARIKA, CHANDRA KAMAL.
245 ## - TITLE STATEMENT
Title JANUSHA PAHORI JAU (A Memoir Written)
250 ## - EDITION STATEMENT
Edition statement 2ND.
260 ## - PUBLICATION, DISTRIBUTION, ETC.
Place of publication, distribution, etc. [s.l]:
Name of publisher, distributor, etc. [s.n].,
Date of publication, distribution, etc. 2014.
300 ## - PHYSICAL DESCRIPTION
Extent 186:
Dimensions 20CM.
942 ## - ADDED ENTRY ELEMENTS (KOHA)
Koha item type Books
653 ## - INDEX TERM--UNCONTROLLED
Uncontrolled term Asomiya Sahitya
Holdings
Withdrawn status Lost status Damaged status Not for loan Collection code Home library Current library Shelving location Date acquired Full call number Barcode Date last seen Copy number Price effective from Koha item type
        REFASM Central Library and Information Centre Sibsagar Girls College Central Library and Information Centre Sibsagar Girls College   11.08.2014 891.451 HAZ 30934 27.02.2020 1 27.02.2020 Books
        REFASM Central Library and Information Centre Sibsagar Girls College Central Library and Information Centre Sibsagar Girls College Assamese Fiction 11.08.2014 891.451 HAZ 30935 27.02.2020 2 27.02.2020 Books
        REFASM Central Library and Information Centre Sibsagar Girls College Central Library and Information Centre Sibsagar Girls College Assamese Fiction 11.08.2014 891.451 HAZ 30936 27.02.2020 3 27.02.2020 Books


Sibsagar Girl's College © 2020. All rights reserved.
Powered by Koha.
Maintained by Abhijit Borpuzari.